Scientists on the Periodic Table - Statistics

General Stats
  • This quiz has been taken 192 times
    120 since last reset
  • The average score is 9 of 15
Answer Stats
Hint Answer % Correct
Best known for his mass-energy equivalence formula E = mc^2. Alberth Einstein (Einsteinium Es)
97%
Invented the theory of Radioactivity, discovered elements Polonium and Radium. Marie Curie (Curium Cm)
90%
Formulated the periodic table and predicted the discovery of then unknown elements Dmitri Ivanovich Mendeleev (Mendelevium Md)
88%
Swedish Scientist who Invented Dynamite, then created a peace prize Alfred Nobel (Nobelium No)
84%
Discovered half-life, proved transmutation of elements. Differentiated and named Alpha and Beta radiation. Ernest Rutheford (Rutherfordium Rf)
74%
Create the model of the atom, described how when an electron jumps from one orbit to another with lower energy, a light quantum is emitted. Neils Bohr (Bohrium Bh)
74%
Mathematician and astronomer who formulated a model of the universe that placed the Sun rather than the Earth at the center of the universe Nicolaus Copernicus (Copernicium Cn)
73%
Described one of the four fundamental forces in nature 'weak interaction'. First to discover Fission. Enrico Fermi (Fermium Fm)
60%
Detected electromagnetic radiation in X-Rays. Wilhelm Conrad Rontgen (Roentgenium Rg)
58%
Invented the Cyclotron. Known for his work on uranium-isotope separation for the manhattan project Ernest Orlando Lawrence (Lawrencium Lr)
53%
Discovered 10 elements. Made contributions to the chemistry of Plutonium. Worked on manhattan project. Glenn Theodore Seaborg (Seaborgium Sg)
44%
Worked on the "Transuranium Elements",which led to nuclear fission. Lise Meitner (Meitnerium Mt)
38%
Played a leading role in the discovery of the heaviest elements in the periodic table Yuri Oganessian (Oganesson Og)
25%
Discovered a 'new earth' containing the first rare earth compound yttrium. Johan Gadolin (Gadolinium Gd)
16%
Discovered spontaneous fission. Discovered 2 transition metals. Georgy Nikolayevich Flyorov (Flerovium Fl)
3%
No matching quizzes found
Score Distribution
Percent of People with Each Score
Percentile by Number Answered
Your Score History
You have not taken this quiz since the last reset